Score 0/15 Timer 01:30
0 Plays Today
% Correct
Barack Obama
89.9%
Al Gore
80.9%
Malala Yousafzai
77%
Kofi Annan
69.4%
Jimmy Carter
63.3%
Muhammad Yunus
59.5%
Mohamed ElBaradei
58.9%
Liu Xiaobo
58.9%
% Correct
Ellen Sirleaf
58.2%
Wangari Maathai
56.5%
Martti Ahtisaari
55.4%
Kailash Satyarthi
55.1%
Leymah Gbowee
55%
Shirin Ebadi
53.9%
Tawakkol Karman
53.2%

Today's Daily Dose

Remove Ads.
Support Sporcle.
Get the best of Sporcle when you Go Orange. This ad-free experience offers more features, more stats, and more fun while also helping to support Sporcle. Thank you for becoming a member.

You're not logged in!

Compare scores with friends on all Sporcle quizzes.
OR
Log In

Show Comments

Extras

Top Quizzes Today


Score Distribution

Your Account Isn't Verified!

In order to create a playlist on Sporcle, you need to verify the email address you used during registration. Go to your Sporcle Settings to finish the process.

Report this User

Report this user for behavior that violates our Community Guidelines.

Details: